| 000 | 00664nam a2200253Ia 4500 | ||
|---|---|---|---|
| 003 | OSt | ||
| 005 | 20220912145534.0 | ||
| 006 | a|||||r|||| 00| 0 | ||
| 007 | ta | ||
| 008 | 220909b |||||||| |||| 00| 0 eng d | ||
| 024 | _a69954 | ||
| 037 | _cTextual | ||
| 040 |
_aCSL _beng _cCSL |
||
| 041 | _aeng | ||
| 082 | _aL:63:J641:74, G3 | ||
| 100 | _aOettingen W F V | ||
| 245 | 0 | _aTherapeutic agents of the quinoline group | |
| 260 | _c1933 | ||
| 300 |
_ap. _ccm. |
||
| 490 | _aAmerican Chemical society, monograph series; 64 | ||
| 650 | _aMedicine | ||
| 942 |
_hL:63:J641:74, G3 _cTEXL _2CC |
||
| 999 |
_c34064 _d34064 |
||